• 首页
  • 本馆介绍
  • 公告通知
  • 最新文献
  • 馆藏检索
  • 电子资源
  • 读者导购
  • 参考咨询
  • 我的图书馆
  • 登录
  • 详细信息显示
  • 放入我的书架
  • 预约/预借图书
  • 作者相关作品
  • 分类相关作品
  • 丛书相关作品
  • 出版社相关作品

书目信息

  • 表格格式
  • 工作单格式
  • 卡片格式
题名:
服务礼仪教程
    
 
作者: 金正昆 著
分册:  
出版信息: 北京   中国人民大学出版社  1999
页数: 354页
开本: 20cm
丛书名:
单 册:
中图分类: F718
科图分类:
主题词: 服务业--礼仪--教材 , 礼仪
电子资源:
ISBN: 7-300-02858-6
000 00641nam0 2200229 450
001 0900000017236
005 20070530131509.45
010    @a7-300-02858-6@dCNY18.00
100    @a20041129e1999 ekmy0chiy0120 ea
101 0  @achi
102    @aCN@b110000
105    @ay az 000yy
200 1  @a服务礼仪教程@9fu wu li yi jiao cheng@f金正昆著@Fjin zheng kun zhu
210    @a北京@c中国人民大学出版社@d1999@h2001
215    @a354页@d20cm
300    @a实用礼仪系列教材
606 0  @a服务业@x礼仪@j教材
606 0  @a礼仪
690    @aF718@v4
701  0 @a金正昆@Ajin zheng kun@4著
801  0 @aCN@bCXYBOOK@c20070530
905    @a10447@dF718@e113
    
    服务礼仪教程/金正昆著.-北京:中国人民大学出版社,1999(2001)
    354页;20cm
    实用礼仪系列教材
    
    ISBN 7-300-02858-6:CNY18.00
    
●
相关链接 在E读中查询图书 在五车中查询图书 在当当中查询图书 在豆瓣中查询图书


正题名:服务礼仪教程     索取号:F718/113         预约/预借

序号 登录号 条形码 馆藏地/架位号 状态 备注
1 0400659   204006592   密集书库/ [索取号:F718/113] 在馆    
2 0400660   204006609   密集书库/ [索取号:F718/113] 在馆    
3 0400661   204006618   密集书库/ [索取号:F718/113] 在馆    
4 0400662   204006627   密集书库/ [索取号:F718/113] 在馆    
5 0400663   204006636   密集书库/ [索取号:F718/113] 在馆    
唐山师范学院图书馆 欢迎您!
大连网信软件有限公司© 版权所有